<?xml version="1.0" encoding="UTF-8"?>
<record
    xmlns:xsi="http://www.w3.org/2001/XMLSchema-instance"
    xsi:schemaLocation="http://www.loc.gov/MARC21/slim http://www.loc.gov/standards/marcxml/schema/MARC21slim.xsd"
    xmlns="http://www.loc.gov/MARC21/slim">

  <leader>01093nam a2200241Ia 4500</leader>
  <datafield tag="999" ind1=" " ind2=" ">
    <subfield code="c">56563</subfield>
    <subfield code="d">56563</subfield>
  </datafield>
  <controlfield tag="001">23677</controlfield>
  <controlfield tag="003">GE_BSU</controlfield>
  <controlfield tag="005">20260312144818.0</controlfield>
  <controlfield tag="008">181216s1961||||ge |||||||||||||| ||geo||</controlfield>
  <datafield tag="040" ind1=" " ind2=" ">
    <subfield code="c">GE_BSU</subfield>
  </datafield>
  <datafield tag="041" ind1=" " ind2=" ">
    <subfield code="a">geo</subfield>
  </datafield>
  <datafield tag="080" ind1=" " ind2=" ">
    <subfield code="a">94(37) &#x10EC;-39</subfield>
  </datafield>
  <datafield tag="100" ind1=" " ind2=" ">
    <subfield code="a">&#x10EC;&#x10D4;&#x10E0;&#x10D4;&#x10D7;&#x10D4;&#x10DA;&#x10D8;, &#x10D0;&#x10DA;.</subfield>
    <subfield code="9">23578</subfield>
  </datafield>
  <datafield tag="245" ind1=" " ind2=" ">
    <subfield code="a">&#x10EB;&#x10D5;&#x10D4;&#x10DA;&#x10D8; &#x10E0;&#x10DD;&#x10DB;&#x10D8;. &#x10E2;. 2 , &#x10E1;&#x10D0;&#x10DB;&#x10DD;&#x10E5;&#x10D0;&#x10DA;&#x10D0;&#x10E5;&#x10DD; &#x10DD;&#x10DB;&#x10D4;&#x10D1;&#x10D8;&#x10E1; &#x10D4;&#x10DE;&#x10DD;&#x10E5;&#x10D0; /</subfield>
    <subfield code="c">&#x10D0;&#x10DA;. &#x10EC;&#x10D4;&#x10E0;&#x10D4;&#x10D7;&#x10D4;&#x10DA;&#x10D8; ; &#x10E0;&#x10D4;&#x10D3;. &#x10DC;. &#x10DA;&#x10DD;&#x10DB;&#x10DD;&#x10E3;&#x10E0;&#x10D8; ; &#x10E1;&#x10D0;&#x10E5;. &#x10E1;&#x10E1;&#x10E0; &#x10D2;&#x10D0;&#x10DC;&#x10D0;&#x10D7;&#x10DA;. &#x10E1;&#x10D0;&#x10DB;&#x10D8;&#x10DC;&#x10D8;&#x10E1;&#x10E2;&#x10E0;&#x10DD;.</subfield>
  </datafield>
  <datafield tag="264" ind1=" " ind2=" ">
    <subfield code="a">&#x10D7;&#x10D1;&#x10D8;&#x10DA;&#x10D8;&#x10E1;&#x10D8; :</subfield>
    <subfield code="b">&#x10D7;&#x10D1;&#x10D8;&#x10DA;. &#x10E3;&#x10DC;-&#x10E2;&#x10D8;&#x10E1; &#x10D2;&#x10D0;&#x10DB;-&#x10D1;&#x10D0;,</subfield>
    <subfield code="c">1961.</subfield>
  </datafield>
  <datafield tag="300" ind1=" " ind2=" ">
    <subfield code="a">321&#x10D2;&#x10D5;. ;</subfield>
    <subfield code="c">22 &#x10E1;&#x10DB;.</subfield>
  </datafield>
  <datafield tag="504" ind1=" " ind2=" ">
    <subfield code="a">&#x10D1;&#x10D8;&#x10D1;&#x10DA;&#x10D8;&#x10DD;&#x10D2;&#x10E0;. : &#x10D2;&#x10D5;. 293-302</subfield>
  </datafield>
  <datafield tag="541" ind1=" " ind2=" ">
    <subfield code="h">20 &#x10DA;.</subfield>
  </datafield>
  <datafield tag="653" ind1=" " ind2=" ">
    <subfield code="a">&#x10EB;&#x10D5;&#x10D4;&#x10DA;&#x10D8; &#x10E0;&#x10DD;&#x10DB;&#x10D8;. &#x10E2;. 2 : &#x10E1;&#x10D0;&#x10DB;&#x10DD;&#x10E5;&#x10D0;&#x10DA;&#x10D0;&#x10E5;&#x10DD; &#x10DD;&#x10DB;&#x10D4;&#x10D1;&#x10D8;&#x10E1; &#x10D4;&#x10DE;&#x10DD;&#x10E5;&#x10D0;</subfield>
  </datafield>
  <datafield tag="653" ind1=" " ind2=" ">
    <subfield code="a">&#x10EB;&#x10D5;&#x10D4;&#x10DA;&#x10D8; &#x10E0;&#x10DD;&#x10DB;&#x10D8;&#x10E1; &#x10D8;&#x10E1;&#x10E2;&#x10DD;&#x10E0;&#x10D8;&#x10D0;</subfield>
  </datafield>
  <datafield tag="700" ind1=" " ind2=" ">
    <subfield code="a">&#x10DA;&#x10DD;&#x10DB;&#x10DD;&#x10E3;&#x10E0;&#x10D8;, &#x10DC;.</subfield>
    <subfield code="e">&#x10E0;&#x10D4;&#x10D3;&#x10D0;&#x10E5;&#x10E2;&#x10DD;&#x10E0;&#x10D8;</subfield>
    <subfield code="9">27117</subfield>
  </datafield>
  <datafield tag="942" ind1=" " ind2=" ">
    <subfield code="c">BK</subfield>
    <subfield code="2">udc</subfield>
  </datafield>
  <datafield tag="952" ind1=" " ind2=" ">
    <subfield code="0">0</subfield>
    <subfield code="1">0</subfield>
    <subfield code="2">udc</subfield>
    <subfield code="4">0</subfield>
    <subfield code="6">9437_&#x10EC;39</subfield>
    <subfield code="7">0</subfield>
    <subfield code="9">82488</subfield>
    <subfield code="a">CPL</subfield>
    <subfield code="b">CPL</subfield>
    <subfield code="c">GEN</subfield>
    <subfield code="d">2018-12-17</subfield>
    <subfield code="g">20.00</subfield>
    <subfield code="o">94(37) &#x10EC;-39</subfield>
    <subfield code="p">28492</subfield>
    <subfield code="r">2018-12-17</subfield>
    <subfield code="t">28492</subfield>
    <subfield code="w">2018-12-17</subfield>
    <subfield code="y">BK</subfield>
    <subfield code="z">20.00 &#x20BE;.</subfield>
  </datafield>
</record>
